| 000 | 01423nam0a2200337 4500 | ||
|---|---|---|---|
| 001 | RU\NLR\bibl\1832377 | ||
| 005 | 20260407131943.0 | ||
| 010 |
_a978-5-904449-09-4 _9100 |
||
| 021 |
_aRU _b2011-82726 _95899 |
||
| 035 | _a(NLR Aleph) 001822874 | ||
| 090 |
_a2030467 _c2030467 |
||
| 100 | _a20111111d2011 |||y0rusy50 ca | ||
| 101 | 0 | _arus | |
| 102 | _aRU | ||
| 105 | _aac ||||||||| | ||
| 200 | 1 |
_aИстория и культура народов Поволжья: региональные аспекты исследования _eсборник статей _fИн-т истории им. Ш. Марджани АН РТ _g[отв. ред.: А.С. Бушуев] |
|
| 210 |
_aКазань _cЯЗ _d2011 |
||
| 215 |
_a274 с. _cил., портр. _d21 |
||
| 320 | _aБиблиогр. в подстроч. примеч. | ||
| 607 |
_aПоволжье _jСборники _xИстория _91034429 _3RU\NLR\auth\6679532 |
||
| 607 |
_aПоволжье _jСборники _xКультура _92263267 _3RU\NLR\auth\661356877 |
||
| 686 | _aТ3(2Р35)я43 | ||
| 686 | _aТ3(2Р35)0-7я43 | ||
| 702 | 1 |
_aБушуев _bА. С. _gАлексей Сергеевич _4340 |
|
| 712 | 0 | 2 |
_4570 _aИнститут истории им. Ш. Марджани _cКазань _9473926 _3RU\NLR\AUTH\889989209 |
| 801 | 0 |
_aRU _bNLR _c20111111 _gRCR |
|
| 801 | 1 |
_aRU _bNLR _c20111111 |
|
| 942 | _cBOOK | ||
| 980 | _aNB | ||
| 980 | _aNBR | ||